Costos y presupuestos (Registro nro. 1973)
[ vista simple ]
| 000 -LEADER | |
|---|---|
| fixed length control field | 00942 a2200205 4500 |
| 001 - CONTROL NUMBER | |
| control field | 29900 |
| 005 - DATE AND TIME OF LATEST TRANSACTION | |
| control field | 20260407155609.0 |
| 008 - FIXED-LENGTH DATA ELEMENTS--GENERAL INFORMATION | |
| fixed length control field | 260407a1981 arg spa d |
| 003 - CONTROL NUMBER IDENTIFIER | |
| control field | AR-UNSa-BCEJYS |
| 040 ## - CATALOGING SOURCE | |
| Original cataloging agency | AR-UNSa-BCEJYS |
| Language of cataloging | spa |
| Transcribing agency | AR-UNSa-BCEJYS |
| 080 ## - UNIVERSAL DECIMAL CLASSIFICATION NUMBER | |
| Universal Decimal Classification number | 657.471.61 |
| Common auxiliary subdivision | Costes generales<br/> |
| 100 1# - MAIN ENTRY--PERSONAL NAME | |
| Personal name | Dominguez, Luis Martín |
| 245 10 - TITLE STATEMENT | |
| Title | Costos y presupuestos |
| Name of part/section of a work | decisiones y técnicas |
| 250 ## - EDITION STATEMENT | |
| Edition statement | 1a.ed |
| 264 #1 - PRODUCTION, PUBLICATION, DISTRIBUTION, MANUFACTURE, AND COPYRIGHT NOTICE | |
| Place of production, publication, distribution, manufacture | Buenos Aires : |
| Name of producer, publisher, distributor, manufacturer | Cangallo |
| Date of production, publication, distribution, manufacture, or copyright notice | 1981 |
| 300 ## - PHYSICAL DESCRIPTION | |
| Extent | 312 p. |
| Dimensions | 23 cm. |
| 505 ## - FORMATTED CONTENTS NOTE | |
| Formatted contents note | 1. El punto de equilibrio - 2. La relación costo , volumen, utilidad - 3. El costeo variable - 4. Los costos y la toma de decisiones - 5. Los costos y precios ( la inflación) - 6. Presupuesto y control presupuestario - 7. La elaboración y la ejecución presupuestaria - 8. Técnicas presupuestaria - 9. El sistema presupuestario gubernamental - 10. Presupuesto de programas. |
| 590 ## - LOCAL NOTE (RLIN) | |
| Local note | niveau_biblio:m niveau_hierar:0 |
| 942 ## - ADDED ENTRY ELEMENTS (KOHA) | |
| Koha item type | |
| Withdrawn status | Lost status | Damaged status | Not for loan | Home library | Current library | Shelving location | Date acquired | Total checkouts | Full call number | Barcode | Date last seen | Price effective from | Koha item type |
|---|---|---|---|---|---|---|---|---|---|---|---|---|---|
| Biblioteca Prof. Eusebio Cleto del Rey | Biblioteca Prof. Eusebio Cleto del Rey | 07/04/2026 | 657.471.61 D671/1981 | L33728 | 07/04/2026 | 07/04/2026 | Libro | ||||||
| Biblioteca Prof. Eusebio Cleto del Rey | Biblioteca Prof. Eusebio Cleto del Rey | 07/04/2026 | 657.471.61 D671/1981 | L44324 | 07/04/2026 | 07/04/2026 | Libro | ||||||
| Biblioteca Prof. Eusebio Cleto del Rey | Biblioteca Prof. Eusebio Cleto del Rey | 07/04/2026 | 657.471.61 D671/1981 | L44323 | 07/04/2026 | 07/04/2026 | Libro | ||||||
| Biblioteca Prof. Eusebio Cleto del Rey | Biblioteca Prof. Eusebio Cleto del Rey | 07/04/2026 | 657.471.61 D671/1981 | L33794 | 07/04/2026 | 07/04/2026 | Libro | ||||||
| Biblioteca Prof. Eusebio Cleto del Rey | Biblioteca Prof. Eusebio Cleto del Rey | 07/04/2026 | 657.471.61 D671/1981 | L33793 | 07/04/2026 | 07/04/2026 | Libro | ||||||
| Biblioteca Prof. Eusebio Cleto del Rey | Biblioteca Prof. Eusebio Cleto del Rey | 07/04/2026 | 657.471.61 D671/1981 | L44322 | 07/04/2026 | 07/04/2026 | Libro |